| 000 | 00733cam a2200181 4500 | ||
|---|---|---|---|
| 001 | L107583 | ||
| 008 | 000000n 000 0 eng u | ||
| 035 | _a(Sirsi) u107583 | ||
| 041 | _aeng | ||
| 110 |
_aDepartment for Constitutional Affairs _94754 |
||
| 245 | _aDepartment for Constitutional Affairs | ||
| 520 | _aWeb site detailing the work of this government department including links to pages on civil justice, legal aid, data protection, commonhold and civil procedure ruiles. | ||
| 600 | _aPRE-ACTION PROTOCOL | ||
| 650 | _aCIVIL PROCEDURE RULES | ||
| 690 | _aMANAGEMENT-DISPUTE AVOIDANCE, MANAGEMENT AND RESOLUTION | ||
| 856 | 4 | 0 |
_uhttps://www.dca.gov.uk _zView the website free of charge at www.dca.gov.uk... |
| 942 | _n0 | ||
| 999 |
_c119568 _d119568 |
||